Kemalizm ile AB'nin çelişkisi / (Kayıt no. 10378)

MARC ayrıntıları
000 -BAŞLIK
Sabit Uzunluktaki Kontrol Alanı 00719nam a22002177a 4500
003 - KONTROL NUMARASI KİMLİĞİ
Kontrol Alanı KOHA_MİRAKIL
005 - EN SON İŞLEM TARİHİ ve ZAMANI
Kontrol Alanı 20260511121007.0
008 - SABİT UZUNLUKTAKİ VERİ ÖGELERİ - GENEL BİLGİ
Sabit Alan 260507b tu ||||| |||| 00| 0 tur d
020 ## - ISBN - ULUSLARARASI STANDART KİTAP NUMARASI
Isbn 9750074483
040 ## - KATALOGLAMA KAYNAĞI
Özgün Kataloglama Kurumu TR-AnABB
Kataloglama Dili tur
Çeviri Kurumu TR-AnABB
041 ## - DİL KODU
Metin ya da ses kaydının dil kodu tur
082 ## - DEWEY ONU SINIFLAMA SİSTEMİ
Sınıflama Numarası 320.531 509 561
Cutter numarası MER 2006
100 1# - KİŞİ ADI
Yazar Adı (Kişi adı) Merdanoğlu, Hüsnü
245 10 - ESER ADI BİLDİRİMİ
Başlık Kemalizm ile AB'nin çelişkisi /
Sorumluluk Bildirimi Hüsnü Merdanoğlu
260 ## - YAYIN, DAĞITIM, VB.
Yayın Yeri Antalya :
Yayınevi Yeniden anadolu ve rumeli müdafai hukuk yayınları ,
Yayın Tarihi 2006
300 ## - FİZİKSEL TANIMLAMA
Sayfa, Cilt vb. 176 sayfa ;
Boyutları 20 cm.
500 ## - GENEL NOT
Genel Not Yazar tarafından Prof. Dr. Ruşen Keleş için imzalanmıştır.
650 04 - KONU BAŞLIĞI EK GİRİŞ - KONU TERİMİ
Konusal terim veya coğrafi ad Kemalizm, Türkiye
900 ## - YEREL BİLGİ
Kontrol Can ÇELIK
942 ## - EK GİRİŞ ÖGELERİ (KOHA)
Sınıflama Kaynağı Dewey Decimal Classification
Materyal Türü Kitap
Mevcut
Geri Çekilme Durumu Kayıp Durumu Sınıflandırma Kaynağı Kredi için değil Kalıcı Konum Mevcut Konum Kayıt Tarih Toplam Ödünçverme Yer Numarası Demirbaş Numarası Son Görülme Tarihi Fatura Tarihi Materyal Türü
    Dewey Decimal Classification   Prof. Dr. Ruşen Keleş Kütüphanesi Prof. Dr. Ruşen Keleş Kütüphanesi 07/05/2026   320.531 509 561 MER 2006 RK8271 07/05/2026 07/05/2026 Kitap